City politics : (Record no. 485)

MARC details
000 -LEADER
fixed length control field 00774cam a2200241 4500
001 - CONTROL NUMBER
control field 659
005 - DATE AND TIME OF LATEST TRANSACTION
control field 20181127161820.0
008 - FIXED-LENGTH DATA ELEMENTS--GENERAL INFORMATION
fixed length control field 030331s2004 nyua b 001 0 eng
010 ## - LIBRARY OF CONGRESS CONTROL NUMBER
LC control number 2003049796
020 ## - INTERNATIONAL STANDARD BOOK NUMBER
International Standard Book Number 0321129717
043 ## - GEOGRAPHIC AREA CODE
Geographic area code n-us---
100 1# - MAIN ENTRY--PERSONAL NAME
Personal name Judd, Dennis R.
245 10 - TITLE STATEMENT
Title City politics :
Remainder of title private power and public policy /
Statement of responsibility, etc. Dennis R. Judd, Todd Swanstrom.
250 ## - EDITION STATEMENT
Edition statement 4th ed.
260 ## - PUBLICATION, DISTRIBUTION, ETC.
Place of publication, distribution, etc. New York :
Name of publisher, distributor, etc. Pearson-Longman,
Date of publication, distribution, etc. c2004.
300 ## - PHYSICAL DESCRIPTION
Extent viii, 424 p. :
Other physical details ill. ;
Dimensions 24 cm.
504 ## - BIBLIOGRAPHY, ETC. NOTE
Bibliography, etc. note Includes bibliographical references and index.
650 #0 - SUBJECT ADDED ENTRY--TOPICAL TERM
Topical term or geographic name entry element Municipal government
Geographic subdivision United States.
Topical term or geographic name entry element Sociology, Urban
Geographic subdivision United States.
Topical term or geographic name entry element Urban policy
Geographic subdivision United States.
651 #0 - SUBJECT ADDED ENTRY--GEOGRAPHIC NAME
Geographic name United States
General subdivision Economic policy.
700 1# - ADDED ENTRY--PERSONAL NAME
Personal name Swanstrom, Todd.
Holdings
Withdrawn status Lost status Source of classification or shelving scheme Damaged status Not for loan Collection code Home library Current library Shelving location Serial Enumeration / chronology Inventory number Total Checkouts Full call number Barcode Date last seen Price effective from Koha item type
    Dewey Decimal Classification     Main TEST RTC Library RTC Library Main opac 1106   320.85 JUD 30005786 27/11/2018 27/11/2018 Main
Royal Thimphu College || All Right Reserved